| 000 | 00000nas 2200000zi 4500 |
| 001 | 9.873297 |
| 003 | CaOODSP |
| 005 | 20240628110755 |
| 006 | m o d f |
| 007 | cr cn |||||||| |
| 008 | 190521c20199999oncar p o f0###a0eng|d |
| 022 | |a2562-5993 |
| 040 | |aCaOODSP|beng|erda|cCaOODSP |
| 043 | |an-cn--- |
| 086 | 1 |aCP1-28E-PDF |
| 110 | 1 |aCanada.|bPrivy Council Office.|bCommunications Community Office. |
| 222 | 0|aAnnual report |b(Canada. Privy Council Office. Communications Community Office) |
| 245 | 10|aCommunications Community Office annual report. |
| 264 | 1|a[Ottawa] : |bGovernment of Canada = Gouvernement du Canada, |c[2019]- |
| 264 | 4|bPrivy Council Office, |c©2019- |
| 310 | |aAnnual |
| 336 | |atext|2rdacontent |
| 337 | |acomputer|2rdamedia |
| 338 | |aonline resource|2rdacarrier |
| 362 | 1 |aBegan with 2018/2019. |
| 500 | |aIssued also in French under title: Rapport annuel du Bureau de la collectivité des communications. |
| 692 | 07|2gccst|aCommunications |
| 775 | 08|tRapport annuel du Bureau de la collectivité des communications. |w(CaOODSP)9.873300 |